000 00774nam a2200289Ia 4500
005 20260324112617.0
008 008 260324s9999 xx 000 0 eng d
020 _a9781003514831
037 _aEBOOK
040 _aCRL
040 _beng
040 _cCRL
041 _2eng
041 _aeng
084 _qCRL
100 _aArtde Donald Kin-Tak Lam; Stephen D. Prior; Siu-Tsen Shen; Sheng-Joue Young; Liang-Wen Ji
_91143420
245 0 _aSystem Innovation for an Artificial Intelligence Era
245 0 _bApplied System Innovation X
260 _bTaylor and Francis
260 _c2024
365 _a
365 _b260
856 _uhttp://www.taylorfrancis.com/books/9781003514831
942 _cEBOOK
999 _c1732685
_d1732685